แสดงรายละเอียดบรรณานุกรม
  กลับหน้าหลัก

Brief Record : Get Marc (ISO 2709) : E-mail record : QR code ปิดหน้าต่าง
LEADER 00000nam 2200000uu 4500
008    140623s2556||||th 000 0 tha d
041 0  ^atha^beng
090    ^aวพ WC503 ศ159ก 2556
100 0  ^aศรัญญู ทิพประมวล
245 10 ^aรายงานวิทยานิพนธ์เรื่อง การบริหารโครงการดูแลรักษาผู้ติดเชื้อเอชไอวีและผู้ป่วยเอดส์ของเจ้าหน้าที่ในโรงพยาบาลชุมชน เขตสาธารณสุขที่ 12 /^cศรัญญู ทิพประมวล
246 15 ^aThe administrations of HIV/AIDs among the staffs incommunity hospitals of the public health region 12
260    ^aขอนแก่น : ^bมหาวิทยาลัยขอนแก่น,^c2556.
300    ^a[ก]-ซ,221 หน้า
502    ^aวิทยานิพนธ์ (ส.ม.)--สาขาวิชาการบริหารสาธาณสุขบัณฑิตวิทยาลัย มหาวิทยาลัยขอนแก่น, 2556
650  4 ^aผู้ติดเชื้อเอชไอวี^xการดูแลรักษาในโรงพยาบาล
650  4 ^aโรคเอดส์^xผู้ป่วย^xการดูแลรักษาในโรงพยาบาล
650  4 ^aโรงพยาบาลชุมชน^xการบริหาร
650  4 ^aวิทยานิพนธ์
999    ^aใช้งานได้ทุกระบบ
รายการนี้ยังไม่มีแท็ก
คุณยังไม่ได้ล็อกอิน คุณสามารถมีกิจกรรมร่วมกับเว็บไซต์ได้ แต่ต้องล็อกอินก่อน ::
  ล็อกอิน
ลำดับที่ ประเภท เลขเรียก สถานที่ สถานะ
1. วิทยานิพนธ์
วิทยานิพนธ์
วพ WC503 ศ159ก 2556  
  
ชั้นหนังสือวิทยานิพนธ์ ถูกยืม กำหนดส่งวันที่ 8 มิถุนายน 2569
  จอง
   [แสดง 1/1 รายการ]

รายการใกล้เคียง
    หัวเรื่อง [วิทยานิพนธ์]

BibComment


ยังไม่เคยถูกคอมเมนท์

คอมเมนท์ทรัพยากรรายการนี้
  คอมเมนท์: รายงานวิทยานิพนธ..
Bib 209986

 
 
 

 Union Library Management : ULibM
Copyright 2026. All Rights Reserved.
скачать бесплатно без регистрации порно красивый секс HD Sex Hindi sex

xxx gou

xxxx

bfxxx

xxxwww

Секса Видео

xxxx

Секса Видео

detube

geilexxx

C99 Shell

worms shell

blod xxx video
Ebony Coed Rihanna Rimes Takes A Dick In Her Young Twat priyaa indian fuck anal and pusssy hardcore indian women xxx desi hardcore fucking part 1 bengalixxxcouple